[Event "SG Oesede-Georgsmarienhütte-TuRa Harkshe"]
[Site "?"]
[Date "2010.12.28"]
[Round "4.1"]
[White "Polert, Annika"]
[Black "Manusina, Nicole"]
[Result "1/2-1/2"]
[WhiteElo "1762"]
[BlackElo "1697"]
[PlyCount "92"]
[EventDate "2010.??.??"]
[WhiteTeam "TuRa Harksheide"]
[BlackTeam "SG Oesede-Georgsmarienhütte"]

1. e4 c6 2. Nf3 d5 3. Nc3 Bg4 4. h3 Bxf3 5. Qxf3 dxe4 6. Nxe4 e6 7. Bc4 Nd7 8.
Bb3 Ngf6 9. d3 Be7 10. O-O O-O 11. Bf4 Nd5 12. Bg3 N7f6 13. Rad1 a5 14. c3 Qb6
15. Rd2 a4 16. Bc4 Qa5 17. Nxf6+ Nxf6 18. d4 b5 19. Bd3 c5 20. dxc5 Bxc5 21.
Be5 Be7 22. Bxf6 Bxf6 23. Qh5 g6 24. Qxb5 Qxb5 25. Bxb5 a3 26. bxa3 Bxc3 27.
Rc2 Rxa3 28. Bc4 Bf6 29. Bb3 Rfa8 $11 30. Rd1 Kg7 31. Rc7 R3a7 32. Rdd7 Rxc7
33. Rxc7 Kf8 34. Rc4 Rb8 35. Kf1 Ke7 36. Rc7+ Kf8 37. Ra7 Rb6 38. Ra8+ Kg7 39.
Ra7 Kf8 40. Ra4 Rb8 41. Re4 Rb6 42. Re2 Rb8 43. Rd2 Rb7 44. Rd3 Rc7 45. Rd1 Rb7
46. Rb1 Ra7 1/2-1/2

[Event "SG Oesede-Georgsmarienhütte-TuRa Harkshe"]
[Site "?"]
[Date "2010.12.28"]
[Round "4.2"]
[White "Böhm, Jana"]
[Black "Diederichs, Luise"]
[Result "0-1"]
[WhiteElo "1442"]
[BlackElo "1678"]
[PlyCount "100"]
[EventDate "2010.??.??"]
[WhiteTeam "SG Oesede-Georgsmarienhütte"]
[BlackTeam "TuRa Harksheide"]

1. e4 e6 2. d4 d5 3. e5 c5 4. c3 Nc6 5. Nf3 Qb6 6. Be2 Nh6 7. Na3 Nf5 8. Nc2
cxd4 9. cxd4 Bd7 10. O-O Rc8 11. b3 Bb4 12. Bb2 O-O 13. Rc1 a6 14. Ne3 Nce7 15.
a3 Rxc1 16. Qxc1 Rc8 17. Qa1 Nxe3 18. fxe3 Nf5 19. axb4 Nxe3 20. Rc1 Nc2 21.
Qb1 Nxb4 22. Rxc8+ Bxc8 23. Qc1 Bd7 24. Qc5 Qxc5 25. dxc5 Nc6 26. Kf2 Na5 27.
b4 Nc6 28. Bc3 Na7 29. Nd4 Nc6 30. Nf3 Ne7 {=} 31. Ke3 Nf5+ 32. Kf4 h6 33. Nd2
Bc6 34. g4 g5+ 35. Kf3 d4+ 36. Kf2 dxc3 37. Nb3 Ne7 38. Ke1 Nd5 39. Nd4 Nxb4
40. Nxc6 Nxc6 41. Bf3 Nxe5 42. Bxb7 Nd3+ 43. Kd1 Nxc5 44. Bc8 a5 45. Kc2 Ne4
46. Bb7 f5 47. h3 Kf7 48. Bxe4 fxe4 49. Kxc3 Kf6 50. Kd4 a4 0-1

[Event "SG Oesede-Georgsmarienhütte-TuRa Harkshe"]
[Site "?"]
[Date "2010.12.28"]
[Round "4.3"]
[White "Zimmermann, Jasmin"]
[Black "Hinzke, Anna-Lena"]
[Result "1/2-1/2"]
[WhiteElo "1534"]
[BlackElo "1068"]
[PlyCount "98"]
[EventDate "2010.??.??"]
[WhiteTeam "TuRa Harksheide"]
[BlackTeam "SG Oesede-Georgsmarienhütte"]

1. e4 e5 2. Nf3 Nc6 3. Bb5 a6 4. Ba4 Nf6 5. O-O Be7 6. Re1 b5 7. Bb3 O-O 8. c3
d5 9. exd5 Nxd5 10. Nxe5 Nxe5 11. Rxe5 c6 12. Bxd5 cxd5 13. d4 Bd6 14. Re1 Qh4
15. g3 Qh3 16. Qf3 Bb7 17. Be3 Rae8 18. Nd2 f5 19. Qg2 Qh5 20. f4 Re6 21. Nf3
h6 22. Re2 Be7 23. Rae1 g5 24. Ne5 Kh8 25. Bd2 Kh7 26. Nd3 Rxe2 27. Qxe2 Qxe2
28. Rxe2 Rf7 29. fxg5 hxg5 30. Re6 Bf6 31. Nc5 Bc8 32. Rd6 Kg6 33. Rxd5 Be7 34.
Nd3 Kf6 35. Re5 Bb7 36. Re1 Bd6 37. Re8 Rg7 38. Rh8 Bf3 39. Kf2 g4 40. Nf4 Bxf4
41. Bxf4 Re7 42. Be3 Ke6 43. Rh6+ Kd5 44. Rxa6 Kc4 45. a4 bxa4 46. Rxa4+ Kd3
47. Bf4 Re2+ 48. Kf1 Rxb2 49. Ra5 Rb1+ 1/2-1/2

[Event "SG Oesede-Georgsmarienhütte-TuRa Harkshe"]
[Site "?"]
[Date "2010.12.28"]
[Round "4.4"]
[White "Wang, Yanru"]
[Black "Schramm, Anna-Lena"]
[Result "1-0"]
[WhiteElo "989"]
[BlackElo "1008"]
[PlyCount "145"]
[EventDate "2010.??.??"]
[WhiteTeam "SG Oesede-Georgsmarienhütte"]
[BlackTeam "TuRa Harksheide"]

1. e4 {[%emt 0:00:00]} e5 {[%emt 0:00:00]} 2. Nf3 Nc6 3. Bc4 Nf6 4. Nc3 Nxe4 5.
Nxe4 d5 6. Bxd5 Qxd5 7. Nc3 Qd8 8. O-O Bd6 9. d3 O-O 10. Be3 Qf6 11. h3 Qg6 12.
Nh4 Qf6 13. Nf3 Be6 14. Ne4 Qe7 15. c4 Qd7 16. Nfg5 Bf5 17. Ng3 Bg6 18. Qe2 Be7
19. N5e4 f5 20. Nc5 Bxc5 21. Bxc5 Rfd8 22. Rad1 f4 23. Ne4 Qf5 24. Qf3 b6 25.
g4 Qd7 26. Ba3 Nd4 27. Qg2 Ne2+ 28. Kh2 Qf7 29. f3 Nd4 30. b3 Ne6 31. h4 Rd7
32. h5 Bxe4 33. dxe4 Rad8 34. Rxd7 Qxd7 35. Bb2 Qd6 36. Bc3 Qc5 37. Rf2 Rd3 38.
Bd2 Qa3 39. Be1 Qc1 40. Rf1 Ng5 41. Bh4 Nxf3+ 42. Rxf3 Rxf3 43. Qxf3 Qc2+ 44.
Qf2 Qxe4 45. Qg2 f3 46. Qf2 Qxg4 47. h6 g5 48. Bg3 e4 49. Bxc7 Qh4+ 50. Kg1
Qg4+ 51. Bg3 e3 52. Qh2 f2+ 53. Kg2 Qe2 54. Bxf2 exf2 55. Qb8+ Kf7 56. Qxa7+
Kg6 57. Qg7+ Kh5 58. Qf7+ Kh4 59. Qxf2+ Qxf2+ 60. Kxf2 Kh3 61. b4 g4 62. Kg1
Kg3 63. c5 bxc5 64. bxc5 Kf4 65. c6 Ke5 66. c7 Kf6 67. c8=Q Kg5 68. Qc6 Kh5 69.
a4 Kh4 70. a5 g3 71. a6 Kh3 72. a7 Kh4 73. a8=Q 1-0

[Event "Chemnitzer SC Aufbau`95-SAV Torgelow"]
[Site "?"]
[Date "2010.12.28"]
[Round "4.1"]
[White "Wulf, Constanze"]
[Black "Hartewig, Anja"]
[Result "1/2-1/2"]
[WhiteElo "1238"]
[BlackElo "1404"]
[PlyCount "78"]
[EventDate "2010.??.??"]
[WhiteTeam "SAV Torgelow"]
[BlackTeam "Chemnitzer SC Aufbau`95"]

1. d4 d5 2. Bf4 c5 3. c3 Nc6 4. e3 Nf6 5. Nd2 Bf5 6. dxc5 e5 7. Bg3 Bxc5 8.
Ngf3 Bd6 9. Bb5 Qc7 10. h3 O-O 11. O-O a6 12. Ba4 Rac8 13. Bh2 b5 14. Bc2 Bxc2
15. Qxc2 h6 16. Rfe1 Rfe8 17. Nb3 Qb6 18. Qd2 Red8 19. Rad1 b4 20. Qc2 bxc3 21.
bxc3 Qc7 22. Rc1 Nb4 23. Qd1 Nc6 24. Qe2 a5 25. c4 Bb4 26. Red1 Ba3 27. Rb1 a4
28. Nc1 dxc4 29. Rxd8+ Rxd8 30. Bg3 Ne4 31. Qxc4 Nxg3 32. fxg3 Rd1+ 33. Kh2 e4
34. Ng1 Re1 35. Nge2 Bxc1 36. Rxc1 Rxc1 37. Nxc1 Qb6 38. Qxe4 a3 39. Qc2 Nb4
1/2-1/2

[Event "Chemnitzer SC Aufbau`95-SAV Torgelow"]
[Site "?"]
[Date "2010.12.28"]
[Round "4.2"]
[White "Nitzsche, Pia"]
[Black "Schünemann, Anne"]
[Result "1-0"]
[WhiteElo "1522"]
[BlackElo "1068"]
[PlyCount "63"]
[EventDate "2010.??.??"]
[WhiteTeam "Chemnitzer SC Aufbau`95"]
[BlackTeam "SAV Torgelow"]

1. c4 c6 2. Nc3 Nf6 3. Nf3 d5 4. cxd5 cxd5 5. d4 Nc6 6. Bf4 a6 7. e3 e6 8. Ne5
Bb4 9. Nxc6 bxc6 10. Rc1 O-O 11. Bd3 a5 12. O-O Ba6 13. Bxa6 Rxa6 14. Ne2 Bd6
15. Bg5 Bxh2+ 16. Kh1 h6 17. Bh4 Bd6 18. Qa4 Qd7 19. Bxf6 gxf6 20. Ng3 f5 21.
Qd1 Kh7 22. Qh5 Qe7 23. Qh3 Rg8 24. Nh5 Rg4 25. g3 Rg5 26. Kg2 Kg6 27. Rh1 Kh7
28. Rh2 e5 29. Rch1 exd4 30. Nf4 Bxf4 31. Qxh6+ Kg8 32. Qh8# 1-0

[Event "Chemnitzer SC Aufbau`95-SAV Torgelow"]
[Site "?"]
[Date "2010.12.28"]
[Round "4.3"]
[White "Schrötter, Luisa"]
[Black "Kempe, Anne"]
[Result "0-1"]
[WhiteElo "1132"]
[BlackElo "1391"]
[PlyCount "110"]
[EventDate "2010.??.??"]
[WhiteTeam "SAV Torgelow"]
[BlackTeam "Chemnitzer SC Aufbau`95"]

1. e4 c5 2. Nf3 Nc6 3. d4 cxd4 4. Nxd4 Nf6 5. Nc3 d6 6. Bc4 Qb6 7. Nxc6 bxc6 8.
f3 e6 9. Bb3 Be7 10. Bg5 Qc7 11. Bxf6 Bxf6 12. Qd2 d5 13. exd5 cxd5 14. O-O-O
O-O 15. Kb1 Bd7 16. h4 a5 17. a4 Rab8 18. g4 Rfc8 19. h5 Be5 20. Rhg1 Bf4 21.
Qd3 Bg5 22. Nxd5 exd5 23. Qxd5 Be6 24. Qxg5 Bxb3 25. cxb3 Qc2+ 26. Ka1 Qxb3 27.
Qd2 Qxa4+ 28. Kb1 Qb4 29. Qxb4 Rxb4 30. Rd5 Rcb8 31. Rxa5 Rxb2+ 32. Ka1 Kf8 33.
Ra3 R2b3 34. Rxb3 Rxb3 35. Rf1 Ke7 36. Ka2 Re3 37. f4 Rg3 38. Re1+ Kf8 39. g5
Rh3 40. g6 Rxh5 41. gxh7 Rxh7 42. Rf1 Ke7 43. Kb3 Kf6 44. Kc3 Kf5 45. Kd3 Rh4
46. Ke3 g6 47. Rf2 Rh3+ 48. Kd4 Ra3 49. Rf1 Ra4+ 50. Ke3 Re4+ 51. Kd2 Rxf4 52.
Rxf4+ Kxf4 53. Ke2 f5 54. Kf2 g5 55. Kg2 Ke3 0-1

[Event "Chemnitzer SC Aufbau`95-SAV Torgelow"]
[Site "?"]
[Date "2010.12.28"]
[Round "4.4"]
[White "Nobis, Anna"]
[Black "Rais, Vanessa"]
[Result "1-0"]
[WhiteElo "1397"]
[BlackElo "881"]
[PlyCount "51"]
[EventDate "2010.??.??"]
[WhiteTeam "Chemnitzer SC Aufbau`95"]
[BlackTeam "SAV Torgelow"]

1. e4 e6 2. d4 d5 3. Nc3 dxe4 4. Nxe4 Bd7 5. Nf3 Bc6 6. Bd3 Bxe4 7. Bxe4 c6 8.
O-O Nf6 9. Bd3 Be7 10. c3 Nbd7 11. Qc2 Rc8 12. Bf4 c5 13. dxc5 Nxc5 14. Bb5+
Ncd7 15. Rad1 O-O 16. Qa4 Nd5 17. Bxd7 Nxf4 18. Bxc8 Qxc8 19. Qxf4 b5 20. Nd4
Qb7 21. Qe5 a6 22. Rd3 Bf6 23. Qg3 e5 24. Nf5 e4 25. Rd6 Bd8 26. Qxg7# 1-0

[Event "SG Burgtonna-SV Lingen"]
[Site "?"]
[Date "2010.12.28"]
[Round "4.1"]
[White "Edel, Fenja"]
[Black "Sieber, Fiona"]
[Result "0-1"]
[WhiteElo "1203"]
[BlackElo "1582"]
[PlyCount "76"]
[EventDate "2010.??.??"]
[WhiteTeam "SV Lingen"]
[BlackTeam "SG Burgtonna"]

1. d4 Nf6 2. e3 e6 3. Bd3 c5 4. c3 d5 5. Nf3 Be7 6. Ne5 Nbd7 7. f4 O-O 8. O-O
Ne4 9. Nd2 f5 10. Nxe4 dxe4 11. Bc4 Nb6 12. Bb3 Nd5 13. Kh1 Qd6 14. g4 Kh8 15.
g5 g6 16. h4 Bd7 17. Nxg6+ hxg6 18. h5 Kg7 19. h6+ Kh7 20. a3 cxd4 21. Qxd4 Rg8
22. Rd1 Qb6 23. Bxd5 Qxd4 24. Rxd4 exd5 25. Rxd5 Bc6 26. Rd1 Rgd8 27. Re1 Rd3
28. Kg2 Rad8 29. Kf2 Ba4 30. Ke2 Bc5 31. Rb1 Bb5 32. Kf2 Rd1 33. Ra1 R8d3 34.
Rb1 Rxe1 35. Kxe1 Bxe3 36. Ra1 Bb6 37. Rb1 Rf3 38. Ra1 e3 0-1

[Event "SG Burgtonna-SV Lingen"]
[Site "?"]
[Date "2010.12.28"]
[Round "4.2"]
[White "Gast, Antonia"]
[Black "Thole, Ann-Christin"]
[Result "1/2-1/2"]
[WhiteElo "1381"]
[BlackElo "1288"]
[PlyCount "81"]
[EventDate "2010.??.??"]
[WhiteTeam "SG Burgtonna"]
[BlackTeam "SV Lingen"]

1. c4 {[%emt 0:00:00]} e5 2. Nc3 Nc6 3. g3 f5 4. Bg2 Nf6 5. e4 d6 6. Nge2 g6 7.
O-O Bg7 8. d3 O-O 9. h3 Be6 10. b3 Qd7 11. Kh2 Nh5 12. exf5 gxf5 13. Rb1 f4 14.
gxf4 exf4 15. Nd4 Bxd4 16. Qxh5 Bxc3 17. Rg1 Bg7 18. Bb2 Qf7 19. Qg5 Ne5 20.
Bxb7 Rab8 21. Be4 Kh8 22. d4 Bf5 23. dxe5 Bxe4 24. e6 Qg6 25. Qe7 Rfe8 26.
Qxg7+ Qxg7 27. Bxg7+ Kg8 28. Rbe1 Rxe6 29. Bh6+ Kh8 30. Bxf4 Rf8 31. Be3 c5 32.
Rg3 Rg6 33. Rxg6 hxg6 34. f4 Kg7 35. Bd2 Bf5 36. Re7+ Rf7 37. Re1 Kf8 38. Kg3
Re7 39. Rxe7 Kxe7 40. a3 Bc2 41. b4 1/2-1/2

[Event "SG Burgtonna-SV Lingen"]
[Site "?"]
[Date "2010.12.28"]
[Round "4.4"]
[White "Winterberg, Johanna"]
[Black "Möller, Hannah"]
[Result "0-1"]
[WhiteElo "1080"]
[BlackElo "954"]
[PlyCount "70"]
[EventDate "2010.??.??"]
[WhiteTeam "SG Burgtonna"]
[BlackTeam "SV Lingen"]

1. e4 e5 2. Nf3 Nc6 3. Bc4 Be7 4. c3 d6 5. d4 Nf6 6. Nbd2 exd4 7. cxd4 Nxe4 8.
d5 Na5 9. Qa4+ Bd7 10. Qxa5 b6 11. Qa3 Nf6 12. O-O c6 13. Qd3 b5 14. dxc6 Bxc6
15. Bxb5 Bxb5 16. Qxb5+ Qd7 17. Qxd7+ Nxd7 18. Re1 Nf6 19. Nc4 d5 20. Nd6+ Kd7
21. Nf5 Bc5 22. Be3 Bb4 23. Re2 Rae8 24. Nxg7 Re4 25. a3 Bc5 26. Rae1 Bxe3 27.
Rxe3 Kd6 28. Rxe4 dxe4 29. Ng5 Kd5 30. Nxf7 Rf8 31. Ng5 Rc8 32. Rd1+ Ke5 33.
Nf7+ Kf4 34. Rd6 Rc1+ 35. Rd1 Rxd1# 0-1

[Event "SC Diogenes-USG Chemnitz"]
[Site "?"]
[Date "2010.12.28"]
[Round "4.1"]
[White "Oltmanns, Bianca"]
[Black "Lemke, Berfîn"]
[Result "0-1"]
[WhiteElo "1475"]
[BlackElo "1509"]
[PlyCount "105"]
[EventDate "2010.??.??"]
[WhiteTeam "USG Chemnitz"]
[BlackTeam "SC Diogenes"]

1. e4 c5 2. Nf3 d6 3. d4 cxd4 4. Nxd4 Nf6 5. Nc3 a6 6. f3 e6 7. Be3 b5 8. Qd2
Nbd7 9. O-O-O Qc7 10. g4 h6 11. h4 b4 12. Nce2 d5 13. exd5 Nxd5 14. Bg2 N7b6
15. Qd3 a5 16. Bf2 Ba6 17. Qd2 Nc4 18. Qe1 Nce3 19. Qg1 Bxe2 20. Bxe3 Bxd1 21.
Kxd1 Nxe3+ 22. Qxe3 Bc5 23. c3 bxc3 24. bxc3 Rd8 25. Ke2 Bxd4 26. cxd4 Qc4+ 27.
Kf2 Qxa2+ 28. Kg3 Qa4 29. Rb1 Qxd4 30. Qa3 Qd6+ 31. Qxd6 Rxd6 32. Rh1 Ra6 33.
Bf1 Ra7 34. Bb5+ Ke7 35. Ba4 Rd8 36. Kf2 Rd4 37. Ke3 e5 38. Ra1 g6 39. Ra3 f5
40. gxf5 gxf5 41. h5 Kf6 42. Kf2 Rb7 43. Ra2 Rbb4 44. Bc6 a4 45. Kg3 Rb6 46.
Bxa4 Ra6 47. Bb3 Rxa2 48. Bxa2 Kg5 49. Bf7 Rh4 50. Bg6 e4 51. fxe4 fxe4 52. Kf2
Kf4 53. Bxe4 0-1

[Event "SC Diogenes-USG Chemnitz"]
[Site "?"]
[Date "2010.12.28"]
[Round "4.2"]
[White "Hölzer, Jeanette"]
[Black "Münzner, Rebecca"]
[Result "1-0"]
[WhiteElo "1286"]
[BlackElo "1187"]
[PlyCount "51"]
[EventDate "2010.??.??"]
[WhiteTeam "SC Diogenes"]
[BlackTeam "USG Chemnitz"]

1. e4 e6 2. d4 d5 3. Nc3 Nf6 4. e5 Nfd7 5. f4 c5 6. Nf3 Nc6 7. Be3 cxd4 8. Nxd4
Nxd4 9. Bxd4 b6 10. h4 f6 11. Bb5 a6 12. Bc6 Rb8 13. exf6 gxf6 14. Qh5+ Ke7 15.
Qe2 Kf7 16. f5 e5 17. Bxd5+ Ke7 18. O-O-O Bh6+ 19. Be3 Bxe3+ 20. Qxe3 Qf8 21.
Ne4 Ke8 22. Bc6 Qe7 23. Rd2 Kf8 24. Qh6+ Kg8 25. Bxd7 Bxd7 26. Rxd7 1-0

[Event "SC Diogenes-USG Chemnitz"]
[Site "?"]
[Date "2010.12.28"]
[Round "4.3"]
[White "Kluge, Leyla"]
[Black "Roth, Mona"]
[Result "0-1"]
[WhiteElo "1249"]
[BlackElo "1099"]
[PlyCount "72"]
[EventDate "2010.??.??"]
[WhiteTeam "USG Chemnitz"]
[BlackTeam "SC Diogenes"]

1. c4 {[%emt 0:00:00]} e5 2. Nc3 Nc6 3. g3 d6 4. Bg2 Be6 5. d3 Qd7 6. Bd2 Nf6
7. Bg5 Be7 8. Qd2 h6 9. Bxf6 Bxf6 10. Nd5 Bg5 11. Qd1 Ne7 12. Nxe7 Bxe7 13. Nf3
Bh3 14. O-O h5 15. Qd2 O-O-O 16. Rfe1 h4 17. e4 Bxg2 18. Kxg2 hxg3 19. fxg3 f5
20. c5 Rdf8 21. Rf1 fxe4 22. dxe4 Qh3+ 23. Kg1 Qg4 24. Qg2 Qxe4 25. cxd6 Bxd6
26. Rad1 Rf6 27. Rde1 Qd5 28. Kh1 Rhf8 29. Re3 e4 30. Nd2 Rxf1+ 31. Nxf1 Qd1
32. h3 Rxf1+ 33. Kh2 Rf3 34. Rxf3 exf3 35. Qf2 Qe2 36. Kg1 Bc5 0-1

[Event "SV Muldental Wilkau-Haßlau-SV Welper 19"]
[Site "?"]
[Date "2010.12.28"]
[Round "4.3"]
[White "Marx, Jasmin"]
[Black "Fromm, Katja"]
[Result "1/2-1/2"]
[WhiteElo "1136"]
[BlackElo "1251"]
[PlyCount "140"]
[EventDate "2010.??.??"]
[WhiteTeam "SV Welper 1922"]
[BlackTeam "SV Muldental Wilkau-Haßlau"]

1. d4 Nf6 2. Nf3 e6 3. Bg5 b6 4. e3 Bb7 5. Bd3 Be7 6. Nbd2 O-O 7. O-O h6 8. Bh4
Nc6 9. c3 Nd5 10. Bxe7 Qxe7 11. Re1 Nf6 12. h3 e5 13. Bc2 d6 14. Rc1 exd4 15.
exd4 Qd7 16. Re2 Rfe8 17. Bd3 a5 18. Qc2 Rxe2 19. Bxe2 Re8 20. Kf1 Qc8 21. Re1
Ba6 22. Bd3 Qf5 23. Rxe8+ Nxe8 24. Ne1 Nf6 25. Kg1 Bxd3 26. Qxd3 Qd5 27. Qc4
Qxc4 28. Nxc4 Kf8 29. Kf1 Ke7 30. Ke2 Ke6 31. Ke3 b5 32. Na3 b4 33. Nb5 Ke7 34.
Nxc7 Na7 35. Na6 bxc3 36. bxc3 Kd7 37. c4 Kc8 38. c5 Kb7 39. cxd6 Kxa6 40. Kf4
Nc6 41. Nc2 Nb4 42. Ne3 Nbd5+ 43. Nxd5 Nxd5+ 44. Ke4 Nf6+ 45. Ke5 Kb5 46. f4
Kb4 47. g4 Ka3 48. g5 hxg5 49. fxg5 Nd7+ 50. Kd5 Kxa2 51. Kc6 Nf8 52. d5 a4 53.
d7 Nxd7 54. Kxd7 a3 55. d6 Kb3 56. Ke7 a2 57. d7 a1=Q 58. d8=Q f6 59. Qd5+ Kc2
60. Qf5+ Kb3 61. gxf6 gxf6 62. Qxf6 Qa7+ 63. Ke6 Qb6+ 64. Kf7 Qb7+ 65. Qe7 Qf3+
66. Qf6 Qb7+ 67. Kg6 Qg2+ 68. Kf7 Qb7+ 69. Qe7 Qf3+ 70. Ke8 Qxh3 1/2-1/2

[Event "SV Muldental Wilkau-Haßlau-SV Welper 192"]
[Site "?"]
[Date "2010.12.28"]
[Round "4.1"]
[White "Bork, Sophie"]
[Black "Cozma, Diana"]
[Result "1-0"]
[WhiteElo "1196"]
[BlackElo "1258"]
[PlyCount "99"]
[EventDate "2010.??.??"]
[WhiteTeam "SV Welper 1922"]
[BlackTeam "SV Muldental Wilkau-Haßlau"]

1. e4 {[%emt 0:00:00]} e5 2. Nf3 Nc6 3. Bc4 Bc5 4. c3 Nf6 5. d4 exd4 6. cxd4
Bb4+ 7. Nc3 Nxe4 8. O-O Bxc3 9. d5 Bf6 10. dxc6 bxc6 11. Re1 d5 12. Bd3 Bf5 13.
Qa4 Qd7 14. Nd4 Bxd4 15. Qxd4 O-O 16. Bxe4 dxe4 17. Qxd7 Bxd7 18. Rxe4 Bf5 19.
Re7 Rfe8 20. Rxe8+ Rxe8 21. Be3 a6 22. Rc1 Rd8 23. h3 Be4 24. Bf4 Rd7 25. Re1
g5 26. Bxg5 Rd5 27. Bf6 Rd6 28. Be5 Re6 29. Rxe4 f6 30. Rg4+ Kf7 31. Bxc7 Re7
32. Ba5 Re5 33. Bc3 Rg5 34. Rxg5 fxg5 35. Kf1 Ke6 36. Ke2 Kf5 37. Kf3 h5 38.
g4+ hxg4+ 39. hxg4+ Ke6 40. Ke4 c5 41. f4 gxf4 42. Kxf4 c4 43. Kg5 Kf7 44. Kh6
a5 45. Kh7 Kf8 46. g5 a4 47. g6 a3 48. bxa3 Ke8 49. g7 Kf7 50. g8=Q+ 1-0

[Event "SV Muldental Wilkau-Haßlau-SV Welper 192"]
[Site "?"]
[Date "2010.12.28"]
[Round "4.2"]
[White "Simon, Tessa"]
[Black "Hütte, Sarah"]
[Result "1/2-1/2"]
[WhiteElo "1241"]
[BlackElo "889"]
[PlyCount "61"]
[EventDate "2010.??.??"]
[WhiteTeam "SV Muldental Wilkau-Haßlau"]
[BlackTeam "SV Welper 1922"]

1. e4 g6 2. d4 Bg7 3. Nf3 c6 4. Nc3 d5 5. e5 h5 6. Be2 Bg4 7. O-O e6 8. Be3 Ne7
9. Qd2 Nf5 10. Bf4 Nd7 11. Rad1 Qb6 12. b3 O-O 13. Na4 Qc7 14. Rfe1 Nb6 15. Nc5
Rfe8 16. h3 Bxf3 17. Bxf3 Nd7 18. Na4 b5 19. Nb2 Qb7 20. c4 bxc4 21. bxc4 Rab8
22. Rb1 Qa6 23. cxd5 cxd5 24. a4 Qb6 25. Be3 Rec8 26. a5 Qc7 27. Be2 Qc2 28.
Rec1 Qxd2 29. Rxc8+ Rxc8 30. Bxd2 Rc2 31. Bb5 1/2-1/2

[Event "SV Muldental Wilkau-Haßlau-SV Welper 192"]
[Site "?"]
[Date "2010.12.28"]
[Round "4.4"]
[White "Böhle, Annika"]
[Black "Schaller, Bettina"]
[Result "1-0"]
[WhiteElo "1166"]
[BlackElo "975"]
[PlyCount "55"]
[EventDate "2010.??.??"]
[WhiteTeam "SV Muldental Wilkau-Haßlau"]
[BlackTeam "SV Welper 1922"]

1. e4 d6 2. d4 Nf6 3. Nc3 g6 4. Nf3 Bg7 5. Bc4 O-O 6. O-O c6 7. Bf4 b5 8. Bb3
b4 9. Ne2 Nxe4 10. Ng5 Nxg5 11. Bxg5 Nd7 12. Re1 Nf6 13. Ng3 Re8 14. Qe2 Bd7
15. Qf3 Bg4 16. Qxc6 Rc8 17. Qb5 Rb8 18. Qd3 Qb6 19. c3 bxc3 20. bxc3 Rb7 21.
Ne4 Nxe4 22. Qxe4 Be6 23. Bxe6 fxe6 24. Qxe6+ Kf8 25. h3 Qd8 26. Re3 Rc7 27.
Rf3+ Bf6 28. Bh6# 1-0

[Event "SC Bechhofen-SF Heilbronn-Biberach"]
[Site "?"]
[Date "2010.12.28"]
[Round "4.1"]
[White "Weber, Sandra"]
[Black "Siegl, Melina"]
[Result "0-1"]
[WhiteElo "1575"]
[BlackElo "1483"]
[PlyCount "59"]
[EventDate "2010.??.??"]
[WhiteTeam "SF Heilbronn-Biberach"]
[BlackTeam "SC Bechhofen"]

1. e4 c5 2. Nf3 Nc6 3. Be2 e6 4. O-O d5 5. exd5 exd5 6. d4 Nf6 7. Re1 Be6 8. c3
h6 9. Ne5 Qb6 10. dxc5 Bxc5 11. Nd3 d4 12. Nxc5 Qxc5 13. Bf3 dxc3 14. Nxc3 O-O
15. Be3 Qc4 16. Qc1 Nb4 17. b3 Qa6 18. Rd1 Nd3 19. Qd2 Rad8 20. Qe2 Bf5 21. g3
Rfe8 22. Rd2 Re7 23. Rad1 Red7 24. Qf1 Qa5 25. Nb1 Ne5 26. Rxd7 Nxf3+ 27. Kg2
Rxd7 28. Rxd7 Bxd7 29. Kxf3 Qh5+ 30. Kg2 0-1

[Event "SC Bechhofen-SF Heilbronn-Biberach"]
[Site "?"]
[Date "2010.12.28"]
[Round "4.2"]
[White "Alsheimer, Lea"]
[Black "Triantafillidis, Zoe"]
[Result "1-0"]
[WhiteElo "1034"]
[BlackElo "1278"]
[PlyCount "95"]
[EventDate "2010.??.??"]
[WhiteTeam "SC Bechhofen"]
[BlackTeam "SF Heilbronn-Biberach"]

1. b3 e5 2. Bb2 Nc6 3. e3 d5 4. d4 exd4 5. exd4 Nf6 6. Bd3 Be6 7. Nf3 Bd6 8.
O-O Qd7 9. Re1 O-O-O 10. Ne5 Bxe5 11. dxe5 Ne4 12. Bxe4 dxe4 13. Qxd7+ Rxd7 14.
Na3 Rhd8 15. h3 Bf5 16. g4 Bg6 17. e6 fxe6 18. Kg2 Rd2 19. Bxg7 Rg8 20. Bh6 Rd7
21. Nb5 Re7 22. c4 a6 23. Nc3 Nd4 24. Rad1 e5 25. Nxe4 Nc2 26. Re2 Nd4 27. Nf6
Rd8 28. Red2 Re6 29. Bg5 Rf8 30. Nd5 Be4+ 31. Kg3 Kb8 32. f4 Nf3 33. f5 Bxd5
34. Rxd5 Nxg5 35. Rd8+ Rxd8 36. Rxd8+ Ka7 37. fxe6 Nxe6 38. Re8 Nd4 39. Rxe5
Kb6 40. h4 Kc6 41. h5 Kd6 42. Rd5+ Ke6 43. Rxd4 Kf6 44. Kh4 h6 45. Rd7 b6 46.
Rxc7 b5 47. cxb5 axb5 48. a4 1-0

[Event "SC Bechhofen-SF Heilbronn-Biberach"]
[Site "?"]
[Date "2010.12.28"]
[Round "4.3"]
[White "Triantafillidis, Katherina"]
[Black "Böse, Christina"]
[Result "1-0"]
[WhiteElo "1239"]
[BlackElo "859"]
[PlyCount "47"]
[EventDate "2010.??.??"]
[WhiteTeam "SF Heilbronn-Biberach"]
[BlackTeam "SC Bechhofen"]

1. e4 e5 2. Nf3 Nc6 3. d4 exd4 4. Nxd4 Nf6 5. Bg5 Be7 6. Nxc6 bxc6 7. Qf3 O-O
8. Bd3 Re8 9. O-O d5 10. exd5 cxd5 11. Nc3 c6 12. h3 Rb8 13. Rab1 Be6 14. b3 h6
15. Bf4 Rb6 16. Qg3 Rb7 17. Bxh6 Bf8 18. Bg5 Bd6 19. Qf3 Be7 20. Ne2 Qa5 21.
Nd4 Qc3 22. Nxe6 fxe6 23. Bh7+ Kxh7 24. Qxc3 1-0

[Event "SC Bechhofen-SF Heilbronn-Biberach"]
[Site "?"]
[Date "2010.12.28"]
[Round "4.4"]
[White "Dobler, Leonie"]
[Black "Graf, Janine"]
[Result "0-1"]
[WhiteElo "753"]
[BlackElo "756"]
[PlyCount "76"]
[EventDate "2010.??.??"]
[WhiteTeam "SC Bechhofen"]
[BlackTeam "SF Heilbronn-Biberach"]

1. e4 {[%emt 0:00:00]} e5 2. Nf3 Nc6 3. Nc3 Nf6 4. Bc4 Bb4 5. O-O d6 6. d3 Qe7
7. Bg5 Be6 8. Bxe6 Qxe6 9. Nb5 Ba5 10. Bd2 Bb6 11. Ng5 Qd7 12. h3 O-O 13. c3
Rad8 14. Rc1 h6 15. Nf3 Rfe8 16. Be3 Qe6 17. d4 Qxa2 18. Ra1 Qxb2 19. Bd2 Qxb5
20. Qe1 d5 21. Qb1 Qxb1 22. Raxb1 Nxe4 23. Rbd1 exd4 24. cxd4 Nxd4 25. Be3
Nxf3+ 26. gxf3 Nc3 27. Rd3 Bxe3 28. fxe3 Nb5 29. Re1 d4 30. e4 Re5 31. f4 Rc5
32. e5 Rc2 33. f5 Nc3 34. Kf1 a5 35. e6 Rd5 36. e7 Rxf5+ 37. Kg1 Ne2+ 38. Kh2
Rf2+ 0-1

[Event "SK Langen-SV Schott Jena"]
[Site "?"]
[Date "2010.12.28"]
[Round "4.1"]
[White "Petermann, Tessa"]
[Black "Reinecke, Katharina"]
[Result "1-0"]
[WhiteElo "1313"]
[BlackElo "860"]
[PlyCount "47"]
[EventDate "2010.??.??"]
[WhiteTeam "SV Schott Jena"]
[BlackTeam "SK Langen"]

1. d4 d5 2. Nf3 Nf6 3. e3 a6 4. Bd3 e6 5. Nbd2 Bd6 6. O-O O-O 7. Re1 Re8 8. e4
dxe4 9. Nxe4 Nc6 10. Nxf6+ Qxf6 11. Bg5 Qxg5 12. Nxg5 f6 13. Nxh7 Nxd4 14.
Nxf6+ gxf6 15. Qg4+ Kf8 16. Qxd4 e5 17. Qh4 Ke7 18. Qh7+ Kd8 19. Rad1 Be6 20.
Re3 Bxa2 21. b3 Bc5 22. Bg6+ Bd6 23. Bxe8 Kxe8 24. Rg3 1-0

[Event "SK Langen-SV Schott Jena"]
[Site "?"]
[Date "2010.12.28"]
[Round "4.2"]
[White "Flach, Helene"]
[Black "Monossova, Maria"]
[Result "0-1"]
[WhiteElo "760"]
[BlackElo "1367"]
[PlyCount "78"]
[EventDate "2010.??.??"]
[WhiteTeam "SK Langen"]
[BlackTeam "SV Schott Jena"]

1. e4 {[%emt 0:00:00]} e6 2. d4 d5 3. f3 dxe4 4. fxe4 Qh4+ 5. Kd2 Qxe4 6. Nc3
Qxd4+ 7. Ke1 Qxd1+ 8. Kxd1 Bb4 9. Bd2 Nf6 10. a3 Ba5 11. Ke2 O-O 12. Re1 Bxc3
13. Bxc3 Nd5 14. Bd2 Nc6 15. Kd1 e5 16. Kc1 Bf5 17. Bc4 Rad8 18. Bg5 Rd6 19.
Ne2 Nb6 20. Bb3 Re8 21. Rhf1 Be6 22. Bxe6 Rexe6 23. Nc3 f6 24. Be3 Nc4 25. Bc5
Rd7 26. Re4 Nd2 27. Rd1 Nxe4 28. Rxd7 Nxc5 29. Rxc7 Re7 30. Rc8+ Kf7 31. Nd5
Rd7 32. Nc7 Rd8 33. Rxd8 Nxd8 34. Nb5 Nc6 35. b4 Ne6 36. Nc3 Kg6 37. b5 Ncd4
38. g4 f5 39. gxf5+ Kxf5 0-1

[Event "SK Langen-SV Schott Jena"]
[Site "?"]
[Date "2010.12.28"]
[Round "4.3"]
[White "Glöckner, Helene"]
[Black "Kolchugina, Lada"]
[Result "1-0"]
[WhiteElo "1106"]
[BlackElo "749"]
[PlyCount "51"]
[EventDate "2010.??.??"]
[WhiteTeam "SV Schott Jena"]
[BlackTeam "SK Langen"]

1. e4 e5 2. Nf3 Nc6 3. Bc4 Bc5 4. Qe2 Nf6 5. Ng5 O-O 6. Nxf7 Rxf7 7. Bxf7+ Kxf7
8. Qc4+ Ke8 9. Qxc5 d6 10. Qe3 Nb4 11. Na3 Ng4 12. Qg3 a6 13. c3 Nc6 14. d3 d5
15. O-O dxe4 16. dxe4 b5 17. h3 Nf6 18. f4 Nxe4 19. Qf3 Nc5 20. Qxc6+ Bd7 21.
Qxc5 exf4 22. Qe5+ Kf8 23. Rxf4+ Kg8 24. Qd5+ Kh8 25. Rf7 Be8 26. Rf8# 1-0